Panduan A-Z pelaksanaan Haji Ifrad

Bibliographic Details
Other Authors: Dr. Mohd. Puzhi Usop, Hj. Zainal Hj. Bujang
Format: Book
Published: Kuala Lumpur : Al-Hidayah Publishers , 2008
Subjects:

MARC

LEADER 00000cam a2200000 7i4500
001 0000026910
005 20090826.0
008 090804
020 |a 9675115035 
090 0 0 |a 297.352   |b PAN 
245 1 0 |a Panduan A-Z pelaksanaan Haji Ifrad   |c susunan oleh Hj. Zainal Hj. Bujang 
260 |a Kuala Lumpur :   |b Al-Hidayah Publishers ,   |c 2008 
650 0 |a Muslim pilgrims and pilgrimages   |z Saudi Arabia   |z Mecca 
650 0 |a Pillars of Islam 
700 1 |a Dr. Mohd. Puzhi Usop 
700 1 |a Hj. Zainal Hj. Bujang 
999 |a 0001058560   |b Book   |c Adult Collection   |e Perbadanan Perpustakaan Awam Johor 
999 |a 0001058561   |b Book   |c Adult Collection   |e Perbadanan Perpustakaan Awam Johor 
999 |a 0001058562   |b Book   |c Adult Collection   |e Cawangan Bukit Gambir 
999 |a 0001058563   |b Book   |c Adult Collection   |e Perbadanan Perpustakaan Awam Johor